<?xml version="1.0" encoding="UTF-8"?>
<collection xmlns="http://www.loc.gov/MARC21/slim">
 <record>
  <leader>00525nam a22001815a 4500</leader>
  <controlfield tag="001">EHU.bham026397</controlfield>
  <controlfield tag="003">AR-BHAM</controlfield>
  <controlfield tag="005">20110509115325.0</controlfield>
  <controlfield tag="008">130507s1959##################000#0#####d</controlfield>
  <datafield tag="082" ind1="7" ind2="0">
   <subfield code="a">701</subfield>
  </datafield>
  <datafield tag="100" ind1="1" ind2=" ">
   <subfield code="a">Worringer, Wilhelm</subfield>
  </datafield>
  <datafield tag="245" ind1="1" ind2="0">
   <subfield code="a">El arte y sus interrogantes /</subfield>
   <subfield code="c">Wilhelm Worringer</subfield>
  </datafield>
  <datafield tag="260" ind1=" " ind2=" ">
   <subfield code="a">Buenos Aires :</subfield>
   <subfield code="b">Nueva Vision,</subfield>
   <subfield code="c">1959</subfield>
  </datafield>
  <datafield tag="300" ind1=" " ind2=" ">
   <subfield code="a">132 p.</subfield>
  </datafield>
  <datafield tag="500" ind1=" " ind2=" ">
   <subfield code="a">Trad. Por Elsa Tabernig</subfield>
  </datafield>
  <datafield tag="653" ind1=" " ind2=" ">
   <subfield code="a">Arte</subfield>
  </datafield>
  <datafield tag="653" ind1=" " ind2=" ">
   <subfield code="a">Arte-filosofia del</subfield>
  </datafield>
  <datafield tag="859" ind1=" " ind2=" ">
   <subfield code="a">AR-BHAM</subfield>
   <subfield code="b">BIB. HUMANIDADES - General</subfield>
   <subfield code="h">701</subfield>
   <subfield code="i">W896-2</subfield>
   <subfield code="p">158.04</subfield>
   <subfield code="t">Ej.1</subfield>
  </datafield>
 </record>
</collection>
